| 000 | 00904nam a2200241 a 4500 | ||
|---|---|---|---|
| 008 | |||
| 020 | _a0854044493 (hbk.) | ||
| 049 | _aMAIN | ||
| 090 |
_aQD1 _bTHO |
||
| 100 | 1 | _aThomas, John David Ronald. | |
| 245 | 1 | 2 |
_aA history of the analytical division of the Royal Society of Chemistry, 1972-1999 / _cJ.D.R. Thomas. |
| 260 |
_aCambridge : _bRoyal Society of Chemistry, _cc1999. |
||
| 300 |
_axv, 208 p., [4] p. of plates : _bill. (some col.), ports. ; _c24 cm. |
||
| 504 | _aIncludes bibliographical references. | ||
| 610 | 2 | 0 |
_aRoyal Society of Chemistry (Great Britain). _bAnalytical Division _xHistory. |
| 650 | 0 |
_aChemistry _vSocieties, etc. _xHistory. |
|
| 650 | 0 |
_aChemistry, Analytical _vSocieties, etc. _xHistory. |
|
| 907 |
_a.b10148449 _b10-04-08 _c25-01-05 |
||
| 003 | |||
| 005 | 20230123134023.0 | ||
| 040 | _cNUST | ||
| 942 |
_cBOOKS _kQD1 _mTHO |
||
| 999 |
_c158656 _d158656 |
||